LEADER 01090nam0-2200325---450- 001 990008807260403321 005 20090216152449.0 035 $a000880726 035 $aFED01000880726 035 $a(Aleph)000880726FED01 035 $a000880726 100 $a20090216d1966----km-y0itay50------ba 101 0 $afre 102 $aFR 105 $aa-------001yy 200 1 $aDiscours de la méthode$esuivi d'extraits de la Dioptrique, des Météores, de la Vie de Descartes par Baillet, du Monde, de l'Homme et de Lettres$fRené Descartes$gchronologie et préface par Geneviève Rodis-Lewis 210 $aParis$cFlammarion$dc1966 215 $a252 p.$cill.$d18 cm 225 1 $aGarnier-Flammarion brochée$v109 610 0 $aFilosofia 610 0 $aStoria della filosofia 700 1$aDescartes,$bRené$f<1596-1650>$0340660 702 1$aRodis-Lewis,$bGeneviève$f<1918-2004> 801 0$aIT$bUNINA$gRICA$2UNIMARC 901 $aBK 912 $a990008807260403321 952 $aF.D.i. 0152$bF.D.i. 152$fFI1 959 $aFI1 996 $aDiscours de la méthode$912998 997 $aUNINA LEADER 01082nas 2200361-- 450 001 996213719603316 005 20230523030832.0 011 $a0034-978X 035 $a(CKB)110976725706544 035 $a(CONSER)---74412698- 035 $a(DE-599)ZDB2419250-8 035 $a(EXLCZ)99110976725706544 100 $a20751101a19699999 --- b 101 0 $aspa 181 $ctxt$2rdacontent 182 $cc$2rdamedia 183 $acr$2rdacarrier 200 00$aRevista latinoamericana de psicologi?a 210 $a[Bogota?]$c[publisher not identified]$d1969- 215 $a1 online resource 300 $aRefereed/Peer-reviewed 311 $aPrint version: Revista latinoamericana de psicologi?a. (DLC) 74412698 (OCoLC)1763970 0120-0534 606 $aPsychology$vPeriodicals 606 $aPsychology 608 $aPeriodical. 615 0$aPsychology 615 2$aPsychology. 676 $a150/.5 906 $aJOURNAL 912 $a996213719603316 920 $aexl_impl conversion 996 $aRevista latinoamericana de psicologi?a$91891453 997 $aUNISA